Constitución política y derecho de huelga / (Registro nro. 11883)

Detalles MARC
000 -LEADER
fixed length control field 01328cam a22002654a 4500
003 - CONTROL NUMBER IDENTIFIER
control field OSt
005 - DATE AND TIME OF LATEST TRANSACTION
control field 20210604105404.0
008 - FIXED-LENGTH DATA ELEMENTS--GENERAL INFORMATION
fixed length control field 971014s1996 ck 000 0 spa
020 ## - INTERNATIONAL STANDARD BOOK NUMBER
International Standard Book Number 958927272X
040 ## - CATALOGING SOURCE
Original cataloging agency DLC
Transcribing agency CO-JMCR
041 0# - LANGUAGE CODE
Language code of text/sound track or separate title spa
082 04 - DEWEY DECIMAL CLASSIFICATION NUMBER
Classification number 344.0189201 /
Item number O131c
Edition number 23
100 1# - MAIN ENTRY--PERSONAL NAME
Personal name Obregón Sabogal, Orlando
Relator term autor
9 (RLIN) 2626
245 10 - TITLE STATEMENT
Title Constitución política y derecho de huelga /
Statement of responsibility, etc. Orlando Obregón Sabogal, Oscar José Dueñas Ruiz, Francisco Yesid Triana, [y otros 2]
250 ## - EDITION STATEMENT
Edition statement Primera edición
260 ## - PUBLICATION, DISTRIBUTION, ETC.
Place of publication, distribution, etc. [Bogotá, Colombia] :
Name of publisher, distributor, etc. Fundación Friedrich Ebert de Colombia,
Date of publication, distribution, etc. 1996.
300 ## - PHYSICAL DESCRIPTION
Extent 113 páginas ;
Dimensions 21 cm.
501 ## - WITH NOTE
With note Con: notas a pie de página.
505 0# - FORMATTED CONTENTS NOTE
Title De la huelga-delito a la huelga derecho. /
Statement of responsibility Orlando Obregón Sabogal. --
Title Cultura constitucional y derecho de huelga. /
Statement of responsibility Oscar José Dueñas Ruiz. --
Title Derecho de huelga, constitución de 1991 y convenios internacionales. /
Statement of responsibility Francisco Yesid Triana. --
Title Vicisitudes de un cambio constitucional sin desarrollo legal. /
Statement of responsibility Álvaro Delgado Guzmán.
650 14 - SUBJECT ADDED ENTRY--TOPICAL TERM
Topical term or geographic name entry element Huelgas y cierres patronales
General subdivision Ley y legislación
9 (RLIN) 38125
650 24 - SUBJECT ADDED ENTRY--TOPICAL TERM
Topical term or geographic name entry element Sindicatos laborales
General subdivision derecho y legislación
9 (RLIN) 38126
700 1# - ADDED ENTRY--PERSONAL NAME
Personal name Dueñas Ruiz, Oscar José,
Relator term autor
9 (RLIN) 12418
700 1# - ADDED ENTRY--PERSONAL NAME
Personal name Yesid Triana, Francisco,
Relator term autor
9 (RLIN) 38127
942 ## - ADDED ENTRY ELEMENTS (KOHA)
Source of classification or shelving scheme Dewey Decimal Classification
Koha item type Books
Existencias
Withdrawn status Lost status Source of classification or shelving scheme Damaged status Not for loan Home library Current library Shelving location Date acquired Source of acquisition Full call number Barcode Date last seen Copy number Price effective from Koha item type
    Dewey Decimal Classification     Biblioteca Pública José María del Castillo y Rada Biblioteca Pública José María del Castillo y Rada General Stacks 04/15/2018 Donación 344.0189201 / O131c 430003084 05/16/2024 Ej.1 03/10/2021 Books